| 000 | 00723 a2200181 4500 | ||
|---|---|---|---|
| 003 | Nust | ||
| 005 | 20170207153600.0 | ||
| 020 | _a9789350141717 | ||
| 040 | _cNust | ||
| 082 | _a 621.38043 | ||
| 100 | _aSharma,Sanjay.Dr | ||
| 245 |
_aDigital Signal Processing _cDr.Sanjay Sharma |
||
| 260 |
_aNew Delhi _bS.K.Kataria & Sons _cJuly,2011 |
||
| 300 | _a489 p | ||
| 505 | _aIntroduction to digital signal processing (Page 3-93) Discrete-time systems (Page 95-156) Sampling of time signals (Page 157-224) The z-Transform (page 225-283) Finite impulse response filter design (Page 285-446) Multirate digital signal processing (|MDSP) (page 447-483) | ||
| 538 | _aAlmirah No.45 Shelf No.3 | ||
| 650 | _aTelecommunication Engineering | ||
| 942 |
_2ddc _cBK |
||
| 999 |
_c189267 _d189267 |
||